[Event "Pfalz op-A 11th"]
[Site "Neustadt an der Weinstrasse"]
[Date "2020.02.22"]
[Round "3"]
[White "Haenssel, Christian"]
[Black "Koelle, Tobias"]
[Result "0-1"]
[WhiteElo "2063"]
[BlackElo "2305"]
[PlyCount "98"]
[EventDate "2020.02.21"]
[EventType "swiss"]
[EventRounds "9"]
[EventCountry "GER"]
[SourceTitle "CBM 195 Extra"]
[Source "ChessBase"]
[SourceDate "2020.05.31"]
[SourceVersion "1"]
[SourceVersionDate "2020.05.31"]
[SourceQuality "1"]

1. c4 g6 2. g3 Bg7 3. Bg2 d6 4. Nc3 e5 5. e4 Nc6 6. Nge2 f5 7. d3 Nf6 8. 0-0 0-0 9. Nd5 f4 10. f3 g5 11. g4 Ne7 12. Bd2 c6 13. Nxf6+ Bxf6 14. Bc3 Be6 15. Qb3 b5 16. Be1 bxc4 17. dxc4 d5 18. cxd5 cxd5 19. Bf2 Rb8 20. Qa3 dxe4 21. fxe4 Bxg4 22. Nc3 a5 23. Rfe1 Kg7 24. Rac1 Rb7 25. Nd5 Nxd5 26. exd5 e4 27. Bxe4 Rxb2 28. Rc6 Rxf2 29. Kxf2 Bd4+ 30. Kf1 f3 31. Rb1 Bh3+ 32. Ke1 f2+ 33. Kd2 f1Q 34. Rxf1 Bxf1 35. d6 Qf6 36. Qg3 Be5 37. Rc7+ Rf7 38. Rxf7+ Kxf7 39. Qb3+ Kg7 40. Qb7+ Qf7 41. d7 Qf2+ 42. Kc1 Qe1+ 43. Kc2 Qe2+ 44. Kc1 Bf4+ 45. Kb1 Qd1+ 46. Kb2 Bc1+ 47. Kc3 Qd2+ 48. Kb3 Qb2+ 49. Ka4 Qa3# 0-1

[Event "Rheinland Pfalz op 9th"]
[Site "Lambsheim"]
[Date "2017.06.16"]
[Round "4"]
[White "Haenssel, Christian"]
[Black "Lopez Rojas, Jeffrey"]
[Result "1/2-1/2"]
[WhiteElo "2054"]
[BlackElo "2190"]
[PlyCount "155"]
[EventDate "2017.06.15"]
[EventType "swiss"]
[EventRounds "7"]
[EventCountry "GER"]
[SourceTitle "CBM 178 Extra"]
[Source "ChessBase"]
[SourceDate "2017.06.22"]
[SourceVersion "1"]
[SourceVersionDate "2017.06.22"]
[SourceQuality "1"]

1. c4 c5 2. g3 Nc6 3. Bg2 b6 4. Nc3 e6 5. e4 Bb7 6. Nge2 a6 7. 0-0 Nf6 8. d3 Be7 9. h3 d6 10. f4 Qc7 11. Be3 Rd8 12. d4 cxd4 13. Nxd4 0-0 14. Rc1 Qb8 15. Nxc6 Bxc6 16. Qb3 Nd7 17. Rfd1 Qb7 18. Qc2 Rc8 19. Qe2 b5 20. e5 Bxg2 21. Qxg2 Qxg2+ 22. Kxg2 Rxc4 23. exd6 Bf6 24. Ne2 Bxb2 25. Rxc4 bxc4 26. Rb1 Rb8 27. Bc1 Bf6 28. Rxb8+ Nxb8 29. Kf3 Kf8 30. g4 Ke8 31. g5 Ba1 32. Ke3 Kd7 33. Ba3 Nc6 34. Ng3 Bd4+ 35. Kd2 a5 36. Ne2 Ba1 37. Bc5 Nd8 38. Nc3 Nb7 39. Bd4 g6 40. Be5 Nxd6 41. Na4 Bxe5 42. fxe5 Ne4+ 43. Ke3 Nxg5 44. h4 Nh3 45. Nb6+ Kc6 46. Nxc4 Kd5 47. Nxa5 Kxe5 48. a4 Nf4 49. Nc4+ Kd5 50. Nb6+ Kc6 51. Nc4 Nd5+ 52. Kd4 f6 53. Na5+ Kc7 54. Nc4 Nb6 55. Ne3 h5 56. a5 Nc8 57. Kc5 Ne7 58. a6 g5 59. Ng2 Nf5 60. Ne1 Nxh4 61. Nc2 Nf5 62. Na3 Ne7 63. Nb5+ Kb8 64. Kd6 h4 65. Nc3 Nd5 66. Ne4 h3 67. Kxe6 h2 68. Ng3 Nc3 69. Kf5 Nd5 70. Nh1 Ka7 71. Ke6 Ne3 72. Kxf6 g4 73. Kg5 Kxa6 74. Kf4 Nf1 75. Kxg4 Kb5 76. Kh3 Kc4 77. Kg2 Ne3+ 78. Kxh2 1/2-1/2

[Event "Pfalz op-A 8th"]
[Site "Neustadt an der Weinstrasse"]
[Date "2017.02.24"]
[Round "1"]
[White "Pap, Misa"]
[Black "Haenssel, Christian"]
[Result "1-0"]
[WhiteElo "2482"]
[BlackElo "2070"]
[PlyCount "71"]
[EventDate "2017.02.24"]
[EventType "swiss"]
[EventRounds "9"]
[EventCountry "GER"]
[SourceTitle "CBM 177 Extra"]
[Source "ChessBase"]
[SourceDate "2017.04.27"]
[SourceVersion "1"]
[SourceVersionDate "2017.04.27"]
[SourceQuality "1"]

1. e4 c5 2. Nf3 d6 3. d4 cxd4 4. Nxd4 Nf6 5. Nc3 a6 6. Nb3 e6 7. Bd3 b5 8. 0-0 Bb7 9. a3 Qc7 10. f4 Nbd7 11. Qe2 Be7 12. Bd2 0-0 13. Rae1 e5 14. g4 d5 15. exd5 Nxd5 16. Bxh7+ Kxh7 17. Nxd5 Bxd5 18. Qd3+ e4 19. Qxd5 Nf6 20. Qf5+ Kg8 21. g5 Qxc2 22. gxf6 Bxf6 23. Re3 Qxb2 24. Bc1 Qc2 25. Qxe4 Qc7 26. Bd2 Rfe8 27. Qf3 Rad8 28. Rxe8+ Rxe8 29. Bb4 a5 30. Nxa5 Bd4+ 31. Kh1 Re3 32. Qa8+ Kh7 33. Qd5 Bb6 34. Nc6 Re6 35. Ne5 g5 36. Nd7 1-0

[Event "Oberliga Sued W 1617"]
[Site "Germany"]
[Date "2017.02.19"]
[Round "7.5"]
[White "Lang, Matthias"]
[Black "Haenssel, Christian"]
[Result "0-1"]
[WhiteElo "2172"]
[BlackElo "2070"]
[PlyCount "108"]
[EventDate "2016.09.25"]
[EventType "team-tourn"]
[EventRounds "9"]
[EventCountry "GER"]
[SourceTitle "EXT 2018"]
[Source "ChessBase"]
[SourceDate "2017.10.13"]
[SourceVersion "1"]
[SourceVersionDate "2017.10.13"]
[SourceQuality "1"]
[WhiteTeam "Landau"]
[BlackTeam "Winterbach Turm"]
[WhiteTeamCountry "GER"]
[BlackTeamCountry "GER"]

1. d4 Nf6 2. Nf3 g6 3. Bg5 Bg7 4. Nbd2 d5 5. e3 0-0 6. Bd3 b6 7. 0-0 Bb7 8. h3 Nbd7 9. Qe2 Ne4 10. Bf4 c5 11. c3 Qe8 12. Ba6 Bxa6 13. Qxa6 e5 14. dxe5 Nxd2 15. Nxd2 Nxe5 16. a4 Nc6 17. Bd6 Qc8 18. Qd3 Rd8 19. Qxd5 Ne7 20. Qd3 Nf5 21. Nc4 Bf8 22. Rfd1 Nxd6 23. a5 Nxc4 24. Qxc4 Qc7 25. Qe4 Rxd1+ 26. Rxd1 Rd8 27. Rxd8 Qxd8 28. a6 Qc8 29. Qa4 Qe6 30. Kf1 c4 31. Ke2 Qd5 32. g3 b5 33. Qa5 Qc6 34. h4 Kg7 35. Ke1 Bc5 36. Ke2 Bb6 37. Qa3 Qc5 38. Qa1 Qd6 39. Qc1 h5 40. Kf3 Bc7 41. Qa1 Qd5+ 42. Ke2 f6 43. Qa3 Qd6 44. Qa1 Qd3+ 45. Kf3 g5 46. hxg5 fxg5 47. Qa3 Qd6 48. Qa1 Kf6 49. Qb1 Qd3 50. Qa1 h4 51. gxh4 gxh4 52. Kg4 Qf5+ 53. Kxh4 Qxf2+ 54. Kh3 Qg3# 0-1

[Event "Oberliga Sued W 1617"]
[Site "Germany"]
[Date "2016.09.25"]
[Round "1.5"]
[White "Ronge, Tim Hendrick"]
[Black "Haenssel, Christian"]
[Result "1/2-1/2"]
[WhiteElo "2135"]
[BlackElo "2070"]
[PlyCount "93"]
[EventDate "2016.09.25"]
[EventType "team-tourn"]
[EventRounds "9"]
[EventCountry "GER"]
[SourceTitle "EXT 2018"]
[Source "ChessBase"]
[SourceDate "2017.10.13"]
[SourceVersion "1"]
[SourceVersionDate "2017.10.13"]
[SourceQuality "1"]
[WhiteTeam "Heimbach Weis/Neuwied"]
[BlackTeam "Winterbach Turm"]
[WhiteTeamCountry "GER"]
[BlackTeamCountry "GER"]

1. d4 Nf6 2. c4 g6 3. Nc3 Bg7 4. e4 d6 5. Be2 0-0 6. Nf3 e5 7. d5 a5 8. Bg5 h6 9. Be3 Na6 10. Nd2 c6 11. a3 Bd7 12. 0-0 Ne8 13. Rb1 f5 14. f3 f4 15. Bf2 c5 16. b3 h5 17. Na2 g5 18. b4 axb4 19. axb4 b6 20. Kh1 Nf6 21. Rg1 Rf7 22. bxc5 bxc5 23. g3 fxg3 24. Rxg3 g4 25. fxg4 hxg4 26. Be3 Nc7 27. Nc3 Nce8 28. Bg5 Ra3 29. Rb3 Rxb3 30. Qxb3 Qa5 31. Rg1 Kh7 32. Nd1 Bh6 33. Bxh6 Kxh6 34. Qe3+ Kh7 35. Nf2 Rg7 36. Nxg4 Bxg4 37. Bxg4 Nxg4 38. Rxg4 Qa1+ 39. Qg1 Qxg1+ 40. Rxg1 Ra7 41. Nf3 Ra4 42. Ng5+ Kg6 43. Ne6+ Kf7 44. h4 Nf6 45. Rg7+ Ke8 46. Rg6 Kf7 47. Rg7+ 1/2-1/2

[Event "Rheinland Pfalz op 8th"]
[Site "Reil an der Mosel"]
[Date "2016.05.27"]
[Round "4"]
[White "Haenssel, Christian"]
[Black "Kuzmin, Yuriy"]
[Result "1/2-1/2"]
[WhiteElo "2055"]
[BlackElo "2234"]
[PlyCount "41"]
[EventDate "2016.05.26"]
[EventType "swiss"]
[EventRounds "7"]
[EventCountry "GER"]
[SourceTitle "EXT 2018"]
[Source "ChessBase"]
[SourceDate "2017.10.13"]
[SourceVersion "1"]
[SourceVersionDate "2017.10.13"]
[SourceQuality "1"]

1. c4 c6 2. g3 Nf6 3. Bg2 d5 4. Nf3 g6 5. b3 Bg7 6. Bb2 0-0 7. 0-0 Qb6 8. Qc1 Bg4 9. d4 Ne4 10. Nbd2 Nd7 11. e3 Nxd2 12. Qxd2 Rfd8 13. cxd5 cxd5 14. Rac1 Bxf3 15. Bxf3 e6 16. Bc3 Rdc8 17. Ba5 Qd6 18. Bb4 Qb6 19. Ba5 Qd6 20. Bb4 Qb6 21. Ba5 1/2-1/2

[Event "Rheinland Pfalz op 7th"]
[Site "Frankenthal"]
[Date "2015.06.06"]
[Round "5"]
[White "Haenssel, Christian"]
[Black "Loesch, Adrian Frederic"]
[Result "1-0"]
[WhiteElo "2007"]
[BlackElo "1627"]
[PlyCount "65"]
[EventDate "2015.06.04"]
[EventType "swiss"]
[EventRounds "7"]
[EventCountry "GER"]
[SourceTitle "EXT 2017"]
[Source "ChessBase"]
[SourceDate "2016.10.25"]
[SourceVersion "1"]
[SourceVersionDate "2016.10.25"]
[SourceQuality "1"]

1. c4 c5 2. g3 g6 3. Bg2 Bg7 4. Nc3 Nc6 5. e4 Nf6 6. Nge2 0-0 7. 0-0 e5 8. d3 d6 9. a3 Ne8 10. Rb1 a5 11. Nd5 Nc7 12. Nec3 Ne6 13. b4 cxb4 14. axb4 axb4 15. Nxb4 Ned4 16. Nbd5 f5 17. exf5 Rxf5 18. f4 Rh5 19. Nb6 Rb8 20. Nxc8 Qxc8 21. Ne4 Qd7 22. Ba3 Ra8 23. Bb2 exf4 24. Rxf4 Ra2 25. Nf6+ Bxf6 26. Rxf6 Qe7 27. Rf2 Qe3 28. Qd2 Qxd2 29. Rxd2 Rf5 30. Rf1 Rxf1+ 31. Kxf1 Ne5 32. Rf2 Nxd3 33. Bd5+ 1-0

[Event "Saarland-ch MA 89th"]
[Site "Stennweiler"]
[Date "2014.04.13"]
[Round "3"]
[White "Haenssel, Christian"]
[Black "Spengler, Hanno"]
[Result "0-1"]
[WhiteElo "2040"]
[BlackElo "2148"]
[PlyCount "113"]
[EventDate "2014.04.11"]
[EventType "swiss"]
[EventRounds "9"]
[EventCountry "GER"]
[SourceTitle "EXT 2016"]
[Source "ChessBase"]
[SourceDate "2015.10.08"]
[SourceVersion "1"]
[SourceVersionDate "2015.10.08"]
[SourceQuality "1"]

1. e4 e5 2. Nf3 Nf6 3. Nc3 Nc6 4. d4 exd4 5. Nxd4 Bb4 6. Nxc6 bxc6 7. Bd3 d5 8. exd5 cxd5 9. 0-0 0-0 10. Bg5 c6 11. Qf3 Be7 12. h3 Be6 13. Ne2 Qb6 14. b3 Rfe8 15. Rfe1 Nd7 16. Bxe7 Rxe7 17. c3 Nf8 18. Nf4 Rae8 19. Re5 Bd7 20. Rg5 Re5 21. Rg3 Ng6 22. Nh5 Qc5 23. Rc1 Qe7 24. c4 Qh4 25. cxd5 Qxh5 26. Qxh5 Rxh5 27. dxc6 Bc8 28. Bc4 Rhe5 29. Rd3 Kf8 30. b4 Nf4 31. Ra3 Re1+ 32. Rxe1 Rxe1+ 33. Kh2 Re7 34. Kg3 Ne6 35. Rd3 Ke8 36. a4 Nd8 37. b5 Be6 38. Bxe6 Nxe6 39. a5 Nd8 40. Rd6 Rc7 41. b6 axb6 42. axb6 Rxc6 43. b7 Rc3+ 44. f3 Nxb7 45. Rb6 Nd8 46. h4 Ke7 47. Rb8 h6 48. h5 Ne6 49. Kh4 Kf6 50. Rb5 Re3 51. Rb7 Re1 52. g4 Re3 53. Kg3 Nd4 54. Kf4 Rxf3+ 55. Ke4 Rg3 56. Kxd4 Rxg4+ 57. Ke3 0-1

[Event "Rheinland Pfalz op 5th"]
[Site "Worms"]
[Date "2013.05.30"]
[Round "1"]
[White "Haenssel, Christian"]
[Black "Roemer, Marcel"]
[Result "1-0"]
[WhiteElo "2057"]
[BlackElo "1552"]
[PlyCount "103"]
[EventDate "2013.05.30"]
[EventType "swiss"]
[EventRounds "7"]
[EventCountry "GER"]
[SourceTitle "EXT 2014"]
[Source "ChessBase"]
[SourceDate "2013.11.20"]
[SourceVersion "1"]
[SourceVersionDate "2013.11.20"]
[SourceQuality "1"]

1. e4 e5 2. Nf3 Nc6 3. Bb5 a6 4. Bxc6 dxc6 5. Nc3 Bg4 6. h3 Bxf3 7. Qxf3 Ne7 8. b3 Ng6 9. Bb2 Bd6 10. Nd1 Bc5 11. Ne3 Bd4 12. 0-0-0 Bxb2+ 13. Kxb2 a5 14. Nf5 Qf6 15. Qc3 0-0 16. d4 exd4 17. Qxd4 Ne5 18. f4 Nd7 19. g4 Rad8 20. e5 Qe6 21. Qc3 Nb6 22. Qxa5 Nd5 23. Qd2 Ra8 24. c4 Nb6 25. Qc3 Ra6 26. Qb4 Rfa8 27. a4 g6 28. Nd4 Qe8 29. Ra1 c5 30. Qxc5 Nxa4+ 31. bxa4 Rxa4 32. Qb5 Qd8 33. Nc2 Rxa1 34. Rxa1 Rxa1 35. Kxa1 Qd2 36. Kb2 Qxf4 37. Qd5 Qg3 38. Qd8+ Kg7 39. Qxc7 Kh6 40. Qxb7 Qxe5+ 41. Ka3 Qc3+ 42. Qb3 Qa5+ 43. Kb2 Qa6 44. Qe3+ Kg7 45. Qd4+ Kg8 46. Nb4 Qa4 47. c5 Qe8 48. Ka3 Qa8+ 49. Kb3 Qf3+ 50. Qd3 Qxd3+ 51. Nxd3 Kf8 52. g5 1-0

[Event "Saarland-ch MB"]
[Site "Schiffweiler"]
[Date "2009.04.04"]
[Round "2"]
[White "Haenssel, Christian"]
[Black "Mueller, Elke"]
[Result "0-1"]
[WhiteElo "2057"]
[BlackElo "2012"]
[PlyCount "134"]
[EventDate "2009.04.03"]
[EventType "swiss"]
[EventRounds "9"]
[EventCountry "GER"]
[SourceTitle "EXT 2012"]
[Source "ChessBase"]
[SourceDate "2011.11.24"]
[SourceVersion "1"]
[SourceVersionDate "2011.11.24"]
[SourceQuality "1"]

1. e4 e6 2. d4 d5 3. e5 c5 4. c3 Nc6 5. Nf3 Qb6 6. a3 Bd7 7. b4 cxd4 8. cxd4 Rc8 9. Bb2 Na5 10. Nbd2 Nh6 11. Rc1 Rxc1 12. Qxc1 Nc6 13. Bd3 Be7 14. Nb3 0-0 15. 0-0 f6 16. Nc5 Bc8 17. exf6 Bxf6 18. Ng5 Bxg5 19. Qxg5 Qd8 20. Qh5 b6 21. Bb5 bxc5 22. Bxc6 c4 23. Ba4 Qf6 24. Bc2 Bd7 25. Bc1 Be8 26. Qh3 Bg6 27. Bxg6 Qxg6 28. Bxh6 Qxh6 29. Qxh6 gxh6 30. f4 h5 31. g3 Kg7 32. Kf2 Kf6 33. Re1 Ke7 34. Ke3 Rg8 35. Kf3 Rf8 36. Re5 Rf5 37. Re3 Kd6 38. b5 Rf7 39. a4 Rb7 40. Re5 Rc7 41. Ke2 h4 42. Kd2 hxg3 43. hxg3 Rg7 44. Re3 h5 45. Kc3 Rg4 46. a5 h4 47. gxh4 Rxf4 48. b6 axb6 49. axb6 Rxh4 50. Kb4 Rxd4 51. b7 Kc7 52. b8Q+ Kxb8 53. Rxe6 Rd3 54. Rg6 Kc7 55. Rh6 c3 56. Kb3 d4 57. Kc2 Rd2+ 58. Kc1 d3 59. Rh4 Kd6 60. Rc4 Rc2+ 61. Kd1 Kd5 62. Rc8 Kd4 63. Rd8+ Kc4 64. Rc8+ Kb3 65. Rb8+ Ka2 66. Rb7 Rb2 67. Ra7+ Kb1 0-1